000
00327nmm a2200145 a 4500
003
AR-BaBNM
005
20251128203301.0
008
274019s1945 ||||||||||||||000 | spa||
040
_c
AR-BaBNM
100
1
_a
Twain, Mark
245
1
0
_a
Autobiografía
_n
1
260
_a
[S.l.]
_b
Acme
_c
1945
942
_c
BK
998
_c
MATO MOURAZOS
999
_c
2712
_d
2712